ARRUPE JESUIT UNIVERSITY

CORONAVIRUS -STOP THE SPREAD - CLEAN,DISINFECT,COVER

Marriage and the family ; Medicine, psychology, religion : (Record no. 119892)

MARC details
000 -LEADER
fixed length control field 01766cam a2200397 a 4500
001 - CONTROL NUMBER
control field 4419709
003 - CONTROL NUMBER IDENTIFIER
control field ARRUPE
005 - DATE AND TIME OF LATEST TRANSACTION
control field 20140429020008.0
008 - FIXED-LENGTH DATA ELEMENTS--GENERAL INFORMATION
fixed length control field 831011s1983 maua 100 0 eng
010 ## - LIBRARY OF CONGRESS CONTROL NUMBER
LC control number 83022526
020 ## - INTERNATIONAL STANDARD BOOK NUMBER
International Standard Book Number 0916586634 (pbk.)
035 ## - SYSTEM CONTROL NUMBER
System control number (OCoLC)10073022
035 ## - SYSTEM CONTROL NUMBER
System control number (OCoLC)ocm10073022
035 ## - SYSTEM CONTROL NUMBER
System control number (NNC)4419709
040 ## - CATALOGING SOURCE
Original cataloging agency DLC
Transcribing agency DLC
Modifying agency NNUT
-- CStRLIN
050 0# - LIBRARY OF CONGRESS CALL NUMBER
Classification number BX378.M2
Item number M37 1983
090 ## - LOCALLY ASSIGNED LC-TYPE CALL NUMBER (OCLC); LOCAL CALL NUMBER (OCLC)
Classification number (OCLC) (R) ; Classification number, CALL (RLIN) (NR) BX378.M2
Local cutter number (OCLC) ; Book number/undivided call number, CALL (RLIN) M37 1983
300 ## - PHYSICAL DESCRIPTION
Other physical details ill. ;
Dimensions 22 cm.
245 00 - TITLE STATEMENT
Title Marriage and the family ; Medicine, psychology, religion :
Remainder of title new directions, new integrations /
Statement of responsibility, etc edited by John T. Chirban.
260 ## - PUBLICATION, DISTRIBUTION, ETC. (IMPRINT)
Place of publication, distribution, etc Brookline, Mass. :
Name of publisher, distributor, etc Holy Cross Orthodox Press,
Date of publication, distribution, etc 1983.
300 ## - PHYSICAL DESCRIPTION
Extent 92 p. :
490 1# - SERIES STATEMENT
Series statement Series on medicine, psychology, and religion
500 ## - GENERAL NOTE
General note Based on the annual Symposium on Medicine, Psychology, and Religion : New Directions and New Integrations held in 1983 and hosted by Hellenic College.
610 20 - SUBJECT ADDED ENTRY--CORPORATE NAME
Corporate name or jurisdiction name as entry element Orthodox Eastern Church
General subdivision Doctrines
Form subdivision Congresses.
9 (RLIN) 7755
610 20 - SUBJECT ADDED ENTRY--CORPORATE NAME
Corporate name or jurisdiction name as entry element Greek Orthodox Archdiocese of North and South America
General subdivision Doctrines
Form subdivision Congresses.
9 (RLIN) 7756
650 #0 - SUBJECT ADDED ENTRY--TOPICAL TERM
Topical term or geographic name as entry element Marriage
General subdivision Religious aspects
-- Orthodox Eastern Church
Form subdivision Congresses.
9 (RLIN) 7757
650 #0 - SUBJECT ADDED ENTRY--TOPICAL TERM
Topical term or geographic name as entry element Families
General subdivision Religious life
Form subdivision Congresses.
9 (RLIN) 7758
650 #0 - SUBJECT ADDED ENTRY--TOPICAL TERM
Topical term or geographic name as entry element Medicine
General subdivision Religious aspects
-- Orthodox Eastern Church
Form subdivision Congresses.
9 (RLIN) 7759
650 #0 - SUBJECT ADDED ENTRY--TOPICAL TERM
Topical term or geographic name as entry element Psychology and religion
Form subdivision Congresses.
9 (RLIN) 7760
650 #0 - SUBJECT ADDED ENTRY--TOPICAL TERM
Topical term or geographic name as entry element Christianity
General subdivision Psychology
Form subdivision Congresses.
9 (RLIN) 7761
700 1# - ADDED ENTRY--PERSONAL NAME
Personal name Chirban, John T.
9 (RLIN) 7762
711 2# - ADDED ENTRY--MEETING NAME
Meeting name or jurisdiction name as entry element Symposium on Medicine, Psychology, and Religion
Date of meeting (1983 :
Location of meeting Hellenic College)
9 (RLIN) 7763
730 0# - ADDED ENTRY--UNIFORM TITLE
Uniform title Medicine, psychology, religion.
Date of a work 1983.
9 (RLIN) 7764
830 #0 - SERIES ADDED ENTRY--UNIFORM TITLE
Uniform title Series on medicine, psychology, and religion.
9 (RLIN) 7765
942 ## - ADDED ENTRY ELEMENTS (KOHA)
Source of classification or shelving scheme Library of Congress Classification
Koha item type Monograph ( Printed materials)
Koha issues (borrowed), all copies 1
Holdings
Withdrawn status Lost status Source of classification or shelving scheme Damaged status Not for loan Collection code Home library Current library Shelving location Date acquired Total Checkouts Full call number Barcode Date last seen Date checked out Price effective from Koha item type
    Library of Congress Classification     Main Collection ARRUPE LIBRARY ARRUPE LIBRARY Main Collection 03/02/2014 1 BX378.M2 M37 1983 46411987 22/11/2017 28/04/2014 03/02/2014 Monograph ( Printed materials)

 

Arrupe Library. PO Box MP320 Mt Pleasant, Harare, Zimbabwe
263 242 745411|librarian@aju.ac.zw